Upkar`s CAT Common Admission Test (Record no. 97908)

MARC details
000 -LEADER
fixed length control field 00423nam a2200145Ia 4500
008 - FIXED-LENGTH DATA ELEMENTS--GENERAL INFORMATION
fixed length control field 211118s9999||||xx |||||||||||||| ||und||
082 ## - DEWEY DECIMAL CLASSIFICATION NUMBER
Classification number 371.26
Item number LAL-U
100 ## - MAIN ENTRY--PERSONAL NAME
Personal name Lal,
245 #0 - TITLE STATEMENT
Title Upkar`s CAT Common Admission Test
260 ## - PUBLICATION, DISTRIBUTION, ETC.
Name of publisher, distributor, etc. Upkar Prakashan
Place of publication, distribution, etc. Agra
Date of publication, distribution, etc. 1998
300 ## - PHYSICAL DESCRIPTION
Extent 88p.
630 ## - SUBJECT ADDED ENTRY--UNIFORM TITLE
General subdivision Reference Reading Room
650 ## - SUBJECT ADDED ENTRY--TOPICAL TERM
Topical term or geographic name entry element social science
942 ## - ADDED ENTRY ELEMENTS (KOHA)
Koha item type BOOK
650 ## - SUBJECT ADDED ENTRY--TOPICAL TERM
Form subdivision schools and their activities;special educationGeneralia
Holdings
Withdrawn status Lost status Source of classification or shelving scheme Damaged status Use restrictions Not for loan Home library Current library Date acquired Cost, normal purchase price Total Checkouts Full call number Barcode Shelving location Date last seen Date last checked out Price effective from Koha item type
    Dewey Decimal Classification   RESTRICTED   SB LIBRARY SB LIBRARY 18/11/2021 160.00 2 371.26 LAL-U 00103283 REFERENCE READING ROOM 29/08/2024 13/08/2024 18/11/2021 BOOK

Powered by Koha